All Chelsea Goals: Frank Lampard - Statistics

General Stats
  • This quiz has been taken 12 times
  • The average score is 182 of 211
Answer Stats
Answer % Correct
Arsenal
100%
Barcelona
100%
Bayern Munich
100%
Derby
100%
Everton
100%
Liverpool
100%
Man City
100%
Man United
100%
Newcastle
100%
Portsmouth
100%
Southampton
100%
Stoke
100%
Sunderland
100%
Swansea
100%
West Ham
100%
Wigan
100%
Aston Villa
90%
Bolton
90%
Fulham
90%
Ipswich
90%
Leeds
90%
Leicester
90%
Reading
90%
Tottenham
90%
West Brom
90%
Wolves
90%
Benfica
80%
Blackburn
80%
Hull
80%
Norwich
80%
Watford
80%
Birmingham
70%
Brentford
70%
Crystal Palace
70%
Middlesbrough
70%
Napoli
70%
Sheffield United
70%
Valencia
70%
Atletico Madrid
60%
Blackpool
60%
Bordeaux
50%
Huddersfield
50%
Anderlecht
30%
Charlton
30%
Lazio
30%
Monaco
30%
Fenerbahce
20%
Macclesfield
20%
Olympiacos
20%
Steaua Bucharest
20%
Wycombe
20%
Levski Sofia
10%
Southend
0%
Viking
0%
No matching quizzes found
Score Distribution
Percent of People with Each Score
Percentile by Number Answered
Your Score History
You have not taken this quiz